| 000 | 00388nam a2200157Ia 4500 | ||
|---|---|---|---|
| 001 | 20488 | ||
| 008 | 140408s9999 xx 000 0 und d | ||
| 040 | _cPK-LaUMT | ||
| 082 |
_a 291.175 _bAHM-I |
||
| 100 | _aAhmad Balall | ||
| 245 |
_aIslamic paradigms for the relationship between science and religion _cAhmad Balall |
||
| 260 | _cNA | ||
| 300 | _a12p. | ||
| 546 | _aEN | ||
| 942 | _cBK | ||
| 999 |
_c20827 _d20827 |
||